01021cam a22002531 45000010005000000030006000050050017000110080041000280100017000690350012000860350020000980400019001180500008001370820013001451000018001582450072001762600045002483000042002935050007003355200333003425210027006755210018007026500047007209239FISKH20251204111816.0850718s1960 enka j 000 1 eng  a 61004148  a6090508 a(OCoLC)12276706 aDLCcNcGUdDLC aPZ7 a823.914 1 aChauncy, Nan.10aTangara: "let us set off again." /cIllustrated by Brian Wildsmith. aLondon,bOxford University Press,c1960. a180 pages : billustrations ; c22 cm aR  aWritten by the three-time winner of the Australian Children's Book of the Year Award and first published in 1960, this story relates the friendship which develops between two young girls from different cultures. Lexie and her Aboriginal friend Merrina face many challenges and adventures together during the course of the story.8 a730 bLexile estimate 8 aR bRaz-Plus  aAboriginal AustraliansvChildren's fiction